000 00346 a2200157 4500
001 62009
020 _a9788570566355
040 _cAnchieta - Pituba
100 _aNicolelis,Giseda Laporta
240 1 0 _aO estigma do sexo
_lpor
245 1 0 _aO estigma do sexo
300 _a64
362 0 _a2005
650 4 _aFicção brasileira
942 _cBK
999 _c62009
_d62009